Designing data-intensive Web applications-(E-BOOK) (Record no. 192030)

000 -LEADER
fixed length control field 01031 a2200253 4500
003 - CONTROL NUMBER IDENTIFIER
control field Nust
005 - DATE AND TIME OF LATEST TRANSACTION
control field 20170207154029.0
010 ## - LIBRARY OF CONGRESS CONTROL NUMBER
LC control number 2002114096
020 ## - INTERNATIONAL STANDARD BOOK NUMBER
International Standard Book Number 1558608435
035 ## - SYSTEM CONTROL NUMBER
System control number (DLC) 2002114096
040 ## - CATALOGING SOURCE
Transcribing agency Nust
082 00 - DEWEY DECIMAL CLASSIFICATION NUMBER
Classification number 005.2/76
245 00 - TITLE STATEMENT
Title Designing data-intensive Web applications-(E-BOOK)
Statement of responsibility, etc. Stefano Ceri ... [et al.].
260 ## - PUBLICATION, DISTRIBUTION, ETC.
Place of publication, distribution, etc. Amsterdam ;
-- Boston :
Name of publisher, distributor, etc. Morgan Kaufmann Publishers,
Date of publication, distribution, etc. c2003.
300 ## - PHYSICAL DESCRIPTION
Extent xxix, 561 p. :
Other physical details ill. ;
Dimensions 24 cm.
440 #0 - SERIES STATEMENT/ADDED ENTRY--TITLE
Title Morgan Kaufmann series in data management systems
505 ## - FORMATTED CONTENTS NOTE
Formatted contents note Part 1 Technology Overview 1 Part 2 Models For Designing Web Applications 59 Part 3 Design Of Web Applications 191 Part 4 Implementation Of Web Applications 327
650 #0 - SUBJECT ADDED ENTRY--TOPICAL TERM
Topical term or geographic name entry element Application software
General subdivision Development.
650 #0 - SUBJECT ADDED ENTRY--TOPICAL TERM
Topical term or geographic name entry element Web site development.
651 ## - SUBJECT ADDED ENTRY--GEOGRAPHIC NAME
Geographic name E-BOOK
700 1# - ADDED ENTRY--PERSONAL NAME
Personal name Ceri, Stefano,
Dates associated with a name 1955-
856 42 - ELECTRONIC LOCATION AND ACCESS
Materials specified Publisher description
Uniform Resource Identifier <a href="http://www.loc.gov/catdir/description/els031/2002114096.html">http://www.loc.gov/catdir/description/els031/2002114096.html</a>
856 42 - ELECTRONIC LOCATION AND ACCESS
Materials specified Table of contents
Uniform Resource Identifier <a href="http://www.loc.gov/catdir/toc/els031/2002114096.html">http://www.loc.gov/catdir/toc/els031/2002114096.html</a>
942 ## - ADDED ENTRY ELEMENTS (KOHA)
Source of classification or shelving scheme
Koha item type Book
Holdings
Withdrawn status Lost status Source of classification or shelving scheme Damaged status Not for loan Collection code Permanent Location Current Location Date acquired Total Checkouts Full call number Barcode Date last seen Price effective from Koha item type
            Military College of Signals (MCS) Military College of Signals (MCS) 12/12/2016   005.276 STE MCSEB-812 12/08/2016 12/12/2016 Book
© 2023 Central Library, National University of Sciences and Technology. All Rights Reserved.